TUPE - employee protection (Record no. 49356)

MARC details
000 -LEADER
fixed length control field 01061cab a2200241 4500
001 - CONTROL NUMBER
control field WB3320-09
008 - FIXED-LENGTH DATA ELEMENTS--GENERAL INFORMATION
fixed length control field 090401t1997 xxu||||| |||| 00| 0 eng d
035 ## - SYSTEM CONTROL NUMBER
System control number (Sirsi) u78447
041 ## - LANGUAGE CODE
Language code of text/sound track or separate title eng
245 ## - TITLE STATEMENT
Title TUPE - employee protection
260 ## - PUBLICATION, DISTRIBUTION, ETC.
Date of publication, distribution, etc. 1997
350 ## - PRICE (NR) (BK AM CF MU VM SE) [OBSOLETE]
Price 0
490 ## - SERIES STATEMENT
Series statement Solicitors` Journal
Volume/sequential designation 14 March 1997, 224; 4 April 1997, 296
490 ## - SERIES STATEMENT
Series statement Financial Times
Volume/sequential designation 19 May 1997, 6(3)
520 ## - SUMMARY, ETC.
Summary, etc. "Betts v Brintel Helicopters" is the first UK case to consider the ECJ decision in "Suzen v Zehnacker". The ECJ held that the EU Acquired Rights directive implemented in UK law by the TUPE Regulations 1991 did not automatically apply when contracted services changed from one provider to another. Contractors are seeking new legislation to protect employee rights.
650 ## - SUBJECT ADDED ENTRY--TOPICAL TERM
Topical term or geographic name entry element BETTS V BRINTEL HELICOPTERS
650 ## - SUBJECT ADDED ENTRY--TOPICAL TERM
Topical term or geographic name entry element SUZEN V ZEHNACKER BEBAUDEREINIGUNG GMBH KRANKENHAUSSERVICE
650 ## - SUBJECT ADDED ENTRY--TOPICAL TERM
Topical term or geographic name entry element TRANSFER OF UNDERTAKINGS REGULATIONS 1991
650 ## - SUBJECT ADDED ENTRY--TOPICAL TERM
Topical term or geographic name entry element TUPE REGULATIONS
690 ## - LOCAL SUBJECT ADDED ENTRY--TOPICAL TERM (OCLC, RLIN)
Topical term or geographic name as entry element ECONOMIC AND SOCIAL
942 ## - ADDED ENTRY ELEMENTS (KOHA)
Suppress in OPAC 0
948 ## - LOCAL PROCESSING INFORMATION (OCLC); SERIES PART DESIGNATOR (RLIN)
c (OCLC) 21/05/1997
Holdings
Withdrawn status Lost status Source of classification or shelving scheme Damaged status Not for loan Home library Current library Shelving location Date acquired Total Checkouts Full call number Barcode Date last seen Copy number Price effective from Koha item type
    Dewey Decimal Classification     London London News article 14/09/1999   WB3320-09 78447-1001 06/08/2019 1 06/08/2019 News article